Tribal culture in ethnographic museum / (Record no. 104782)

MARC details
000 -LEADER
fixed length control field 00619nam a22001937a 4500
005 - DATE AND TIME OF LATEST TRANSACTION
control field 20161128111622.0
010 ## - LCCN (DPL NO)
LC control number ENG-116677
020 ## - INTERNATIONAL STANDARD BOOK NUMBER
International Standard Book Number 9789350502877
Terms of availability 1950.00
035 ## - SYSTEM CONTROL NUMBER
System control number EN-100209
037 ## - SOURCE OF ACQUISITION
Source of stock number/acquisition DBAD/PUB
082 ## - DEWEY DECIMAL CLASSIFICATION NUMBER
Classification number 305.800954
100 ## - MAIN ENTRY--PERSONAL NAME
Personal name Pegu, Namita
245 ## - TITLE STATEMENT
Title Tribal culture in ethnographic museum /
Statement of responsibility, etc by Namita Pegu
260 ## - PUBLICATION, DISTRIBUTION, ETC. (IMPRINT)
Place of publication, distribution, etc Delhi
Name of publisher, distributor, etc B.R. Publishing Corporation
Date of publication, distribution, etc 2016
270 ## - ADDRESS
Address 425,Nimri Colony,Ashok Vihar,Phase-V
City Delhi
Postal code 110052
300 ## - PHYSICAL DESCRIPTION
Extent xv,292p. :
Dimensions 23cm(Hb)
Other physical details ill(maps)
500 ## - GENERAL NOTE
General note Includes bibliographical references
942 ## - ADDED ENTRY ELEMENTS (KOHA)
Source of classification or shelving scheme Dewey Decimal Classification
Item type English Books
Classification part 305.800954
Call number suffix PEG
Holdings
Withdrawn status Lost status Not for loan Collection code Home library Current library Date acquired Source of acquisition Cost, normal purchase price Full call number Barcode Copy number Cost, replacement price Koha item type
      Non-fiction Shahdara Branch Shahdara Branch 28/11/2016 DBAD/PUB 1950.00 305.800954 PEG EN-100209 1 1950.00 English Books

© Delhi Public Library
Hit Counter
free hit counter